000 01217cam a22003251a 4500
001 gs 59000158
003 DLC
005 20260227111407.0
008 780819s1959 dcuab b f001 0 eng
010 _ags 59000158
035 _a(OCoLC)4153927
040 _aDLC
_cOClU
_dDNAL
_dDLC
042 _apremarc
050 0 0 _aQE75
_b.B9 no. 1076
051 _aTN805.N9
_bJ6
_cCopy 2.
070 0 _a407
_bG29B no.1076
072 0 _aX400
_aP100
082 _a553.22
100 1 _aJohnson, William David,
_d1923-
245 1 4 _aThe Square Buttes coal field, Oliver and Mercer Counties, North Dakota,
_cby William D. Johnson, Jr. and Robert P. Kunkel.
260 _aWashington,
_bU.S. Govt. Print. Off.,
_c1959.
300 _av, 91 p.
_billus., maps (part fold. col.) profiles, tables.
_c24 cm.
410 1 0 _aUnited States.
_bGeological Survey.
_tBulletin
_v1076
500 _aPart of illustrative matter in pocket.
500 _a"Prepared as part of a program of the Department of the Interior for development of the Missouri River Basin."
504 _aBibliography: p. 88-90.
650 0 _aCoal
_zNorth Dakota.
650 0 _aGeology, Economic
_zNorth Dakota.
700 1 _aKunkel, Robert Paul,
_d1926-
_ejoint author.
999 _c29342
_d29342